| 000 | 00814nas a2200241 a 4500 | ||
|---|---|---|---|
| 003 | CDMR | ||
| 005 | 20160622171022.0 | ||
| 008 | 140109c20049999sp qr | r|||||0|| b0spa|d | ||
| 017 | _aDL M. 33814-2004 | ||
| 022 | _a1889-2922 | ||
| 040 |
_bcat _cCDMR |
||
| 245 | 0 | 0 |
_aCuadernos de periodistas _b: revista de la Asociación de la Prensa de Madrid |
| 260 |
_aMadrid _bAsociación de la Prensa de Madrid _c2004- |
||
| 300 | _c21 cm | ||
| 310 | _aTrimestral | ||
| 362 | 0 | _aNo. 0 (jul. 2004)- | |
| 650 | 0 | 4 |
_aPeriodisme _93173 _zEspanya _vRevistes |
| 650 | 0 | 4 |
_aPremsa _92742 _zEspanya _vRevistes |
| 710 | 2 |
_aAsociación de la Prensa de Madrid _987 |
|
| 856 | 4 | 1 |
_zAccés lliure _uhttp://www.cuadernosdeperiodistas.com/ |
| 856 | 4 | 2 |
_3Sumari _uhttp://dialnet.unirioja.es/servlet/revista?codigo=14814 |
| 942 |
_cSER _2udc |
||
| 999 |
_c6733 _d6733 |
||